| 000 | 00584nam a22002057a 4500 | ||
|---|---|---|---|
| 005 | 20240516162143.0 | ||
| 008 | 240516b |||||||| |||| 00| 0 eng d | ||
| 020 |
_a9789354352805 _cRs.323.00 |
||
| 040 | _aLoreto College | ||
| 041 | _aEnglish | ||
| 082 |
_a152.4 _bGOL |
||
| 100 | _aGoleman,Daniel | ||
| 245 |
_aEmotional intelligence _bWhy it can matter more than IQ _cDaniel Goleman |
||
| 260 |
_aNew Delhi _bBloomsbury India _c2021 |
||
| 300 |
_axv,325p _b22cm |
||
| 504 | _aIncludes index | ||
| 650 | _aEmotional intelligence | ||
| 850 |
_aLCLIB _bPsychology PG |
||
| 942 | _cBK | ||
| 999 |
_c43772 _d94251 |
||